000 00277nam a22001337a 4500
008 190129b xxu||||| |||| 00| 0 eng d
020 _a0316897167
041 _aeng
080 _a531
100 _a43
101 _aFIZ
245 _aPhysics
_cHeuvelen, A.V
942 _2udc
_cBK
999 _c53884
_d53884